| Tag |
First Indicator |
Second Indicator |
Subfields |
| LEADER |
00000cam a2200000 4500 |
| 001 |
in00000220122 |
| 005 |
20151009071624.0 |
| 008 |
750603s1939 nyua b 00010 eng d |
| 010 |
|
|
|a 39009906
|
| 035 |
|
|
|a (OCoLC)01370846
|
| 035 |
|
|
|9 AAY7867AM
|
| 040 |
|
|
|c ELW
|d TXA
|d UtOrBLW
|
| 049 |
|
|
|a TXAM
|c 1 [852750]
|c 2 [852751]
|
| 090 |
|
|
|a GV1007
|b .J33
|
| 100 |
1 |
|
|a Jackson, Carl H.
|
| 245 |
1 |
0 |
|a Better badminton /
|c by Carl H. Jackson and Lester A. Swan; drawings by Evelyn Hawkins.
|
| 264 |
|
1 |
|a New York :
|b A.S. Barnes & company,
|c [1939]
|
| 264 |
|
4 |
|c [©1939]
|
| 300 |
|
|
|a 148 pages :
|b illustrations, diagrams
|
| 336 |
|
|
|a text
|b txt
|2 rdacontent
|
| 337 |
|
|
|a unmediated
|b n
|2 rdamedia
|
| 338 |
|
|
|a volume
|b nc
|2 rdacarrier
|
| 490 |
1 |
|
|a Barnes dollar sports library
|
| 504 |
|
|
|a Bibliography: pages 145-146.
|
| 650 |
|
0 |
|a Badminton (Game)
|
| 700 |
1 |
|
|a Swan, Lester A.
|
| 830 |
|
0 |
|a Barnes dollar sports library.
|
| 999 |
|
|
|a MARS
|
| 999 |
f |
f |
|s d297b7cd-384b-3315-b1a1-7b2ae528a71b
|i 066fda14-2278-30fa-9d8c-0120082495e6
|t 0
|
| 952 |
f |
f |
|p ric
|a Texas A&M University
|b Rellis Campus
|c Joint Library Facility
|d Remote Storage
|t 0
|e GV1007 .J33
|h Library of Congress classification
|i unmediated -- volume
|m A14802482920
|
| 998 |
f |
f |
|a GV1007 .J33
|t 0
|l Remote Storage
|